Genshin Impact 5* Polearms by Picture - Statistics

General Stats
  • This quiz has been taken 41 times
  • The average score is 6 of 9
Answer Stats
Picture Answer % Correct
Staff of Homa
97%
Primordial Jade Winged-Spear
82%
Vortex Vanquisher
82%
Skyward Spine
79%
Engulfing Lightning
76%
Calamity Queller
67%
Crimson Moon's Semblance
61%
Lumidouce Elegy
52%
Staff of the Scarlet Sands
52%
No matching quizzes found
Score Distribution
Percent of People with Each Score
Percentile by Number Answered
Your Score History
You have not taken this quiz